Ricostruisci la Carriera del Calciatore - Francesco Caputo - Statistics

Statistiche generali
  • Questo quiz è stato fatto 8 volte
  • Il punteggio medio è 4 su 13
Statistiche sulle risposte
Hint Risposta % Corretto
2023- Empoli
83%
2019-2021 Sassuolo
67%
2006-2007 Altamura
50%
2007-2008 Noicattaro
50%
2021-2023 Sampdoria
50%
2011 Siena
50%
2017-2019 Empoli
33%
2010-2011 Bari
17%
2011-2015 Bari
17%
2015-2017 Virtus Entella
17%
2008-2009 Bari
0%
2009-2010 Salernitana
0%
2005-2006 Toritto
0%
Nessun quiz corrispondente trovato
Distribuzione punteggi
Percentuale di utenti per punteggio
Percentile per numero di risposta
I tuoi punteggi nel tempo
Non hai fatto questo quiz